000 00315nam a2200121Ia 4500
008 190216s9999||||xx |||||||||||||| ||und||
100 _aRobert A Farrington & Alberty Daniels
245 0 _aPhysical Chemistry
260 _bJohn Wiley & Sons
_c1980
300 _a620p
650 _aChemistry-Chemistry
942 _cBK
999 _c2156
_d2156